000
00328nam a2200133Ia 4500
008
240624s9999 xx 000 0 und d
041
_a
eng
082
_a
658.472 DTE
100
_a
DT EDITORIAL SERVICES
245
_a
BIG DATA BLACK BOOK
260
_c
2015
_a
New Delhi
_b
Wiley
300
_a
908 : p. : cm. ; 28
365
_c
RS
_b
33
999
_c
26327
_d
26327